European Countries on the Least Wikipedias - Statistics

General Stats
  • This quiz has been taken 80 times
  • The average score is 8 of 10
Answer Stats
# Country % Correct
236 Liechtenstein
88%
240 Bosnia and Herzegovina, Malta
87%
187 Kosovo
84%
237 Moldova
83%
228 Montenegro
83%
238 Luxembourg
82%
236 North Macedonia
82%
234 San Marino
76%
234 Monaco
75%
231 Denmark
26%
No matching quizzes found
Score Distribution
Percent of People with Each Score
Percentile by Number Answered
Your Score History
You have not taken this quiz